000 00516nam a22001817a 4500
005 20140926151820.0
010 _aENG-110956
020 _a9789350486153
_c150.00
035 _aEN-94488
037 _bDBAD/PUB
082 _a480.81
100 _aChaudhari, Pramod K.
245 _aDictionary of spelling /
_cby Pramod K. Chaudhari
260 _aNew Delhi
_bPrabhat Books
_c2014
270 _a4/19, Asaf Ali Road
_bNew Delhi
_e110002
300 _a112p.
_c22cm(Hb)
942 _2ddc
_cEN
_mCHA
_h480.81
999 _c88984
_d88984